PR-SOF-2216-Zynq Based Smart Camera For Real-Time Dehazing (Record no. 607198)
[ view plain ]
| 000 -LEADER | |
|---|---|
| fixed length control field | 00427nam a22001337a 4500 |
| 040 ## - CATALOGING SOURCE | |
| Transcribing agency | NUST |
| 082 ## - DEWEY DECIMAL CLASSIFICATION NUMBER | |
| Classification number | 220PRO |
| 100 ## - MAIN ENTRY--PERSONAL NAME | |
| Personal name | Fatima Ahmad Ali Hammad Kanzay |
| 9 (RLIN) | 119506 |
| 110 ## - MAIN ENTRY--CORPORATE NAME | |
| Corporate name or jurisdiction name as entry element | Supervisor Dr. Sajid Gul Khwaja A/P Kamran Aziz Bhatti |
| 9 (RLIN) | 119507 |
| 245 ## - TITLE STATEMENT | |
| Title | PR-SOF-2216-Zynq Based Smart Camera For Real-Time Dehazing |
| 260 ## - PUBLICATION, DISTRIBUTION, ETC. | |
| Place of publication, distribution, etc. | ISLAMABAD: |
| Name of publisher, distributor, etc. | NUST COLLEGE OF EME, |
| Date of publication, distribution, etc. | 2023. |
| 650 ## - SUBJECT ADDED ENTRY--TOPICAL TERM | |
| Topical term or geographic name entry element | DE-COMP-41 |
| 9 (RLIN) | 119490 |
| 942 ## - ADDED ENTRY ELEMENTS (KOHA) | |
| Source of classification or shelving scheme | |
| Koha item type | Project Report |
| Withdrawn status | Lost status | Source of classification or shelving scheme | Damaged status | Not for loan | Permanent Location | Current Location | Shelving location | Date acquired | Total Checkouts | Full call number | Barcode | Date last seen | Price effective from | Koha item type |
|---|---|---|---|---|---|---|---|---|---|---|---|---|---|---|
| College of Electrical & Mechanical Engineering (CEME) | College of Electrical & Mechanical Engineering (CEME) | Reference | 12/06/2023 | 220PRO | PR-SOF-2216 | 12/06/2023 | 12/06/2023 | Project Report |
